UBT Library

Prentice Hall reference guide to grammar and usage / (Record no. 42349)

000 -LEADER
fixed length control field 00760cam a2200229 a 4500
001 - CONTROL NUMBER
control field 2629884
005 - DATE AND TIME OF LATEST TRANSACTION
control field 20180213035411.0
008 - FIXED-LENGTH DATA ELEMENTS--GENERAL INFORMATION
fixed length control field 990203s2000 nju f 001 0 eng
010 ## - LIBRARY OF CONGRESS CONTROL NUMBER
LC control number 99019691
020 ## - INTERNATIONAL STANDARD BOOK NUMBER
International Standard Book Number 0130210226
040 ## - CATALOGING SOURCE
Original cataloging agency DLC
Transcribing agency DLC
Modifying agency DLC
041 ## - LANGUAGE CODE
Language code of text/sound track or separate title eng
080 ## - UNIVERSAL DECIMAL CLASSIFICATION NUMBER
Universal Decimal Classification number 428.2 HAR
082 00 - DEWEY DECIMAL CLASSIFICATION NUMBER
Classification number 428.2 HAR
Edition number 21
100 1# - Rafti
Rafti 47
101 ## - Shkurtesa
Shkurtesa EDU
245 10 - TITLE STATEMENT
Title Prentice Hall reference guide to grammar and usage /
Statement of responsibility, etc Muriel Harris.
246 30 - VARYING FORM OF TITLE
Title proper/short title Reference guide to grammar and usage
906 ## - LOCAL DATA ELEMENT F, LDF (RLIN)
a 7
b cbc
c orignew
d 1
e ocip
f 19
g y-gencatlg
942 ## - ADDED ENTRY ELEMENTS (KOHA)
Source of classification or shelving scheme
Item type Books
Holdings
Withdrawn status Lost status Source of classification or shelving scheme Damaged status Not for loan Collection code Permanent location Current location Shelving location Date acquired Total Checkouts Full call number Barcode Date last seen Price effective from Koha item type
          Koleksioni i përgjithshem UBT - Lipjan UBT - Lipjan Koleksioni i përgjithshem 02/13/2018   428.2 HAR 002-2998079 02/13/2018 02/13/2018 Books
UBT Library © 2015-2024. All rights reserved University Education for Business and Technology